Upanacional y los comités de vivienda: rompen las filas de espera
সংরক্ষণ করুন:
| বিন্যাস: | পাঠ্য |
|---|---|
| ট্যাগগুলো: |
ট্যাগ যুক্ত করুন
কোনো ট্যাগ নেই, প্রথমজন হিসাবে ট্যাগ করুন!
|
MARC
| LEADER | 00000 a a2200000 04500 | ||
|---|---|---|---|
| 001 | 1323 | ||
| 003 | |||
| 040 | |||
| 245 | |a Upanacional y los comités de vivienda: |b rompen las filas de espera | ||
| 773 | |g número 28; páginas 15 | ||
| 999 | |c 24979 |d 24979 | ||
